[Event "Agen 2017 - National Féminin"]
[Site "?"]
[Date "2017.08.23"]
[Round "5.4"]
[White "Safranska, Anda"]
[Black "Roumegous, Marina"]
[Result "0-1"]
[BlackElo "2142"]
[WhiteElo "2224"]
[LiveChessVersion "1.4.8"]

1. g3 {[%clk 1:30:57]} Nf6 {[%clk 1:30:48]} 2. Bg2 {[%clk 1:31:22]} d5
{[%clk 1:29:15]} 3. d3 {[%clk 1:31:44]} c6 {[%clk 1:28:36]} 4. Nf3
{[%clk 1:32:01]} Bf5 {[%clk 1:28:17]} 5. O-O {[%clk 1:31:58]} e6 {[%clk 1:28:43]}
6. Nh4 {[%clk 1:30:56]} Bg4 {[%clk 0:59:39]} 7. Qe1 {[%clk 1:30:38]} Be7
{[%clk 0:58:09]} 8. Nd2 {[%clk 1:30:30]} Nbd7 {[%clk 0:56:39]} 9. h3
{[%clk 1:30:25]} Bh5 {[%clk 0:57:06]} 10. e4 {[%clk 1:30:41]} g5 {[%clk 0:52:52]}
11. Nhf3 {[%clk 1:30:05]} h6 {[%clk 0:50:58]} 12. Kh1 {[%clk 1:27:41]} Qc7
{[%clk 0:48:58]} 13. b3 {[%clk 1:24:11]} O-O-O {[%clk 0:46:42]} 14. Bb2
{[%clk 1:24:20]} Rhg8 {[%clk 0:47:03]} 15. a3 {[%clk 1:18:04]} Kb8
{[%clk 0:43:07]} 16. b4 {[%clk 1:16:48]} g4 {[%clk 0:42:04]} 17. hxg4
{[%clk 1:15:04]} Bxg4 {[%clk 0:39:21]} 18. c4 {[%clk 1:14:27]} dxe4
{[%clk 0:39:29]} 19. dxe4 {[%clk 1:14:03]} h5 {[%clk 0:33:52]} 20. Qe3
{[%clk 1:09:14]} Rg6 {[%clk 0:32:09]} 21. Nh4 {[%clk 1:03:18]} Rgg8
{[%clk 0:30:03]} 22. Ndf3 {[%clk 0:48:10]} Bxf3 {[%clk 0:28:29]} 23. Nxf3
{[%clk 0:40:05]} Ng4 {[%clk 0:28:52]} 24. Qe2 {[%clk 0:40:12]} h4
{[%clk 0:27:52]} 25. gxh4 {[%clk 0:38:03]} Bxh4 {[%clk 0:26:45]} 26. Bh3
{[%clk 0:35:28]} Bf6 {[%clk 0:21:29]} 27. Bxf6 {[%clk 0:27:42]} Ndxf6
{[%clk 0:20:54]} 28. e5 {[%clk 0:27:25]} Rh8 {[%clk 0:19:10]} 29. Ng1
{[%clk 0:26:08]} Qxe5 {[%clk 0:18:20]} 30. Qxe5+ {[%clk 0:26:11]} Nxe5
{[%clk 0:18:46]} 31. c5 {[%clk 0:25:15]} Rh5 {[%clk 0:15:22]} 32. Rae1
{[%clk 0:24:42]} Nd3 {[%clk 0:11:41]} 33. Re3 {[%clk 0:24:37]} Ng4
{[%clk 0:10:17]} 34. Rf3 {[%clk 0:25:00]} f5 {[%clk 0:10:17]} 35. Kg2
{[%clk 0:24:56]} Nde5 {[%clk 0:10:12]} 36. Rg3 {[%clk 0:22:23]} Rd2
{[%clk 0:09:31]} 37. Bxg4 {[%clk 0:18:46]} Nxg4 {[%clk 0:07:27]} 38. Nh3
{[%clk 0:19:08]} e5 {[%clk 0:07:40]} 39. Kg1 {[%clk 0:18:45]} Rh4
{[%clk 0:01:42]} 40. Ng5 {[%clk 0:36:09]} e4 {[%clk 0:31:40]} 41. Re1
{[%clk 0:35:36]} Nxf2 {[%clk 0:31:09]} 42. Ne6 {[%clk 0:35:19]} Nh3+
{[%clk 0:27:33]} 0-1

[Event "Agen 2017 - National Féminin"]
[Site "?"]
[Date "2017.08.23"]
[Round "5.5"]
[White "Collas, Silvia"]
[Black "Malassagne, Isabelle"]
[Result "1-0"]
[BlackElo "2061"]
[WhiteElo "2289"]
[LiveChessVersion "1.4.8"]

1. c4 {[%clk 1:30:55]} e5 {[%clk 1:30:55]} 2. Nc3 {[%clk 1:30:40]} Nf6
{[%clk 1:31:11]} 3. g3 {[%clk 1:30:39]} c6 {[%clk 1:30:56]} 4. d4
{[%clk 1:30:37]} e4 {[%clk 1:30:55]} 5. Bg2 {[%clk 1:21:04]} Bb4 {[%clk 1:26:38]}
6. Qb3 {[%clk 1:19:25]} Bxc3+ {[%clk 1:26:01]} 7. bxc3 {[%clk 1:19:24]} O-O
{[%clk 1:26:09]} 8. Nh3 {[%clk 1:13:13]} d6 {[%clk 1:24:26]} 9. O-O
{[%clk 1:13:10]} Re8 {[%clk 1:23:33]} 10. f3 {[%clk 1:12:28]} exf3
{[%clk 1:18:32]} 11. exf3 {[%clk 1:12:45]} Qc7 {[%clk 1:10:44]} 12. Bf4
{[%clk 1:09:40]} Nh5 {[%clk 0:56:13]} 13. Rfe1 {[%clk 1:04:40]} Bd7
{[%clk 0:52:05]} 14. Bxd6 {[%clk 0:59:27]} Rxe1+ {[%clk 0:47:36]} 15. Rxe1
{[%clk 0:59:52]} Qc8 {[%clk 0:48:02]} 16. Re7 {[%clk 0:55:02]} Nf6
{[%clk 0:36:39]} 17. Ng5 {[%clk 0:52:06]} c5 {[%clk 0:36:25]} 18. Rxf7
{[%clk 0:48:12]} 1-0

[Event "Agen 2017 - Accession"]
[Site "?"]
[Date "2017.08.23"]
[Round "5.1"]
[White "Degraeve, Jean-Marc"]
[Black "Barbot, Pierre"]
[Result "1/2-1/2"]
[LiveChessVersion "1.4.8"]
[BlackElo "2453"]
[WhiteElo "2587"]

1. e4 {[%clk 1:30:53]} e5 {[%clk 1:27:33]} 2. Nf3 {[%clk 1:31:10]} Nc6
{[%clk 1:27:59]} 3. Bc4 {[%clk 1:30:57]} Bc5 {[%clk 1:28:19]} 4. c3
{[%clk 1:30:49]} Nf6 {[%clk 1:28:45]} 5. d3 {[%clk 1:31:06]} O-O {[%clk 1:29:11]}
6. O-O {[%clk 1:31:28]} d5 {[%clk 1:29:39]} 7. exd5 {[%clk 1:31:26]} Nxd5
{[%clk 1:30:03]} 8. a4 {[%clk 1:30:38]} Nb6 {[%clk 1:28:22]} 9. Bb5
{[%clk 1:29:16]} Ne7 {[%clk 1:28:39]} 10. a5 {[%clk 1:27:51]} c6 {[%clk 1:29:06]}
11. axb6 {[%clk 1:28:00]} cxb5 {[%clk 1:29:32]} 12. Rxa7 {[%clk 1:28:16]} Rxa7
{[%clk 1:29:56]} 13. bxa7 {[%clk 1:28:40]} Bxa7 {[%clk 1:30:23]} 14. Nxe5
{[%clk 1:19:24]} Bf5 {[%clk 1:25:37]} 15. Be3 {[%clk 1:07:27]} Bb8
{[%clk 1:25:42]} 16. d4 {[%clk 1:07:29]} Qd5 {[%clk 1:25:11]} 17. Nf3
{[%clk 1:00:47]} Qa2 {[%clk 1:22:41]} 18. Qc1 {[%clk 0:58:15]} Rc8
{[%clk 1:17:53]} 19. Nbd2 {[%clk 0:57:11]} b4 {[%clk 1:16:36]} 20. c4
{[%clk 0:50:16]} Bd3 {[%clk 1:13:18]} 21. Qa1 {[%clk 0:49:31]} Bxc4
{[%clk 1:06:06]} 22. Nxc4 {[%clk 0:47:14]} Qxc4 {[%clk 1:05:16]} 23. Rc1
{[%clk 0:47:39]} Qa6 {[%clk 1:04:44]} 24. Rxc8+ {[%clk 0:47:53]} Nxc8
{[%clk 1:05:11]} 25. Qd1 {[%clk 0:46:46]} Ne7 {[%clk 1:05:05]} 26. g3
{[%clk 0:45:07]} Nd5 {[%clk 1:02:04]} 27. Ng5 {[%clk 0:41:33]} h6
{[%clk 0:52:00]} 28. Ne4 {[%clk 0:38:17]} Qc6 {[%clk 0:48:39]} 29. Nc5
{[%clk 0:32:42]} Bd6 {[%clk 0:48:56]} 30. Nd3 {[%clk 0:32:50]} Qc4
{[%clk 0:49:06]} 31. Qf3 {[%clk 0:23:23]} Ne7 {[%clk 0:46:48]} 32. Nc1
{[%clk 0:19:42]} Qc2 {[%clk 0:42:34]} 33. Qe2 {[%clk 0:15:38]} Qb1
{[%clk 0:42:59]} 34. b3 {[%clk 0:15:12]} Qe4 {[%clk 0:38:47]} 35. Qd3
{[%clk 0:14:41]} Qc6 {[%clk 0:34:41]} 36. Qc4 {[%clk 0:14:09]} Qe4
{[%clk 0:34:48]} 37. Qd3 {[%clk 0:11:19]} Qc6 {[%clk 0:35:14]} 38. Ne2
{[%clk 0:07:32]} Qf3 {[%clk 0:32:31]} 39. Qc4 {[%clk 0:03:55]} g5
{[%clk 0:29:34]} 40. Nc1 {[%clk 0:32:42]} Qe4 {[%clk 0:59:00]} 41. Qd3
{[%clk 0:29:04]} Qc6 {[%clk 0:59:07]} 42. Qc4 {[%clk 0:27:32]} Qe4
{[%clk 0:58:42]} 43. Qd3 1/2-1/2

[Event "Agen 2017 - Accession"]
[Site "?"]
[Date "2017.08.23"]
[Round "5.2"]
[White "Le Roux, Jean-Pierre"]
[Black "Demuth, Adrien"]
[Result "1-0"]
[LiveChessVersion "1.4.8"]
[BlackElo "2540"]
[WhiteElo "2543"]

1. e4 {[%clk 1:30:58]} c5 {[%clk 1:29:33]} 2. Na3 {[%clk 1:30:56]} b6
{[%clk 1:28:57]} 3. g3 {[%clk 1:30:29]} Bb7 {[%clk 1:28:46]} 4. Bg2
{[%clk 1:30:55]} Nf6 {[%clk 1:18:27]} 5. d3 {[%clk 1:28:49]} e6 {[%clk 1:16:31]}
6. Nh3 {[%clk 1:19:19]} d5 {[%clk 1:10:17]} 7. e5 {[%clk 1:04:45]} Nfd7
{[%clk 1:10:42]} 8. f4 {[%clk 1:04:36]} a6 {[%clk 1:10:45]} 9. O-O
{[%clk 0:59:41]} Nc6 {[%clk 0:57:41]} 10. f5 {[%clk 0:39:01]} exf5
{[%clk 0:53:24]} 11. Rxf5 {[%clk 0:39:06]} g6 {[%clk 0:36:03]} 12. Rf1
{[%clk 0:31:23]} Ncxe5 {[%clk 0:26:43]} 13. Nf4 {[%clk 0:30:45]} Bg7
{[%clk 0:26:56]} 14. Nxd5 {[%clk 0:28:08]} Rb8 {[%clk 0:25:17]} 15. Bf4
{[%clk 0:23:19]} g5 {[%clk 0:24:17]} 16. Be3 {[%clk 0:20:03]} O-O
{[%clk 0:22:38]} 17. Nc4 {[%clk 0:16:15]} h6 {[%clk 0:19:45]} 18. Nxe5
{[%clk 0:13:12]} Nxe5 {[%clk 0:19:19]} 19. c4 {[%clk 0:13:19]} f5
{[%clk 0:18:48]} 20. Kh1 {[%clk 0:11:26]} Kh8 {[%clk 0:12:59]} 21. Qd2
{[%clk 0:10:28]} Qd6 {[%clk 0:05:03]} 22. Rae1 {[%clk 0:10:04]} Rf7
{[%clk 0:05:13]} 23. b3 {[%clk 0:09:34]} Ng4 {[%clk 0:02:51]} 24. Bg1
{[%clk 0:09:15]} Rbf8 {[%clk 0:02:37]} 25. Qe2 {[%clk 0:07:29]} Bc8
{[%clk 0:02:33]} 26. Ne7 {[%clk 0:03:39]} Bd7 {[%clk 0:01:12]} 27. Bd5
{[%clk 0:03:39]} Bc3 {[%clk 0:01:03]} 28. h3 {[%clk 0:01:38]} Bxe1
{[%clk 0:00:54]} 29. Rxe1 {[%clk 0:01:38]} Re8 {[%clk 0:00:32]} 30. Bxf7
{[%clk 0:00:54]} Bc6+ {[%clk 0:00:33]} 31. Bd5 {[%clk 0:00:38]} Bxd5+
{[%clk 0:00:32]} 32. cxd5 {[%clk 0:01:01]} Rxe7 {[%clk 0:00:32]} 33. Qxe7
{[%clk 0:00:52]} Qxd5+ {[%clk 0:01:01]} 34. Re4 {[%clk 0:01:12]} fxe4
{[%clk 0:01:28]} 35. dxe4 {[%clk 0:01:03]} Qe5 {[%clk 0:01:08]} 36. Qd8+
{[%clk 0:00:48]} 1-0

[Event "Agen 2017 - Accession"]
[Site "?"]
[Date "2017.08.23"]
[Round "5.3"]
[White "Bellahcene, Bilel"]
[Black "Travadon, Loic"]
[Result "1-0"]
[LiveChessVersion "1.4.8"]
[BlackElo "2341"]
[WhiteElo "2481"]

1. e4 {[%clk 1:30:58]} c5 {[%clk 1:30:47]} 2. Nf3 {[%clk 1:31:26]} d6
{[%clk 1:31:12]} 3. d4 {[%clk 1:31:54]} cxd4 {[%clk 1:31:37]} 4. Nxd4
{[%clk 1:32:23]} Nf6 {[%clk 1:32:01]} 5. Nc3 {[%clk 1:32:51]} Nc6
{[%clk 1:32:26]} 6. Bg5 {[%clk 1:33:18]} e6 {[%clk 1:32:51]} 7. Qd2
{[%clk 1:33:46]} Be7 {[%clk 1:33:15]} 8. O-O-O {[%clk 1:34:01]} Nxd4
{[%clk 1:33:29]} 9. Qxd4 {[%clk 1:34:27]} a6 {[%clk 1:33:55]} 10. h4
{[%clk 1:34:33]} Qc7 {[%clk 1:34:15]} 11. f3 {[%clk 1:34:41]} O-O
{[%clk 1:34:22]} 12. Kb1 {[%clk 1:34:56]} b5 {[%clk 1:34:43]} 13. Qd2
{[%clk 1:33:56]} Bb7 {[%clk 1:33:50]} 14. Bd3 {[%clk 1:34:22]} Rfc8
{[%clk 1:33:39]} 15. h5 {[%clk 1:15:06]} b4 {[%clk 1:07:07]} 16. Ne2
{[%clk 1:12:58]} d5 {[%clk 1:05:43]} 17. e5 {[%clk 1:12:47]} Ne4 {[%clk 1:04:38]}
18. Bxe4 {[%clk 1:12:56]} dxe4 {[%clk 1:02:51]} 19. Bxe7 {[%clk 1:12:28]} Qxe7
{[%clk 1:00:28]} 20. Nd4 {[%clk 1:12:09]} a5 {[%clk 0:54:42]} 21. Rh3
{[%clk 1:05:37]} a4 {[%clk 0:52:43]} 22. Re1 {[%clk 1:00:42]} exf3
{[%clk 0:52:16]} 23. gxf3 {[%clk 1:00:12]} b3 {[%clk 0:49:09]} 24. a3
{[%clk 0:52:15]} bxc2+ {[%clk 0:45:24]} 25. Nxc2 {[%clk 0:52:41]} f5
{[%clk 0:29:28]} 26. Nd4 {[%clk 0:34:27]} Qd7 {[%clk 0:19:15]} 27. Rg1
{[%clk 0:33:21]} Rf8 {[%clk 0:19:24]} 28. Rhg3 {[%clk 0:28:16]} Rf7
{[%clk 0:19:29]} 29. Qg2 {[%clk 0:28:36]} Kh8 {[%clk 0:14:26]} 30. Nxe6
{[%clk 0:26:52]} Qxe6 {[%clk 0:14:41]} 31. Rxg7 {[%clk 0:27:16]} Qe8
{[%clk 0:14:01]} 32. e6 {[%clk 0:26:28]} Re7 {[%clk 0:12:45]} 33. Qg5
{[%clk 0:25:41]} 1-0

[Event "Agen 2017 - Accession"]
[Site "?"]
[Date "2017.08.23"]
[Round "5.4"]
[White "Loiseau, Quentin"]
[Black "Dudognon, Thibault"]
[Result "1/2-1/2"]
[LiveChessVersion "1.4.8"]
[BlackElo "2230"]
[WhiteElo "2425"]

1. d4 {[%clk 1:27:21]} d5 {[%clk 1:30:55]} 2. c4 {[%clk 1:27:49]} c6
{[%clk 1:31:21]} 3. Nc3 {[%clk 1:28:16]} Nf6 {[%clk 1:31:47]} 4. Nf3
{[%clk 1:28:44]} dxc4 {[%clk 1:32:00]} 5. a4 {[%clk 1:29:09]} Bf5
{[%clk 1:32:24]} 6. Ne5 {[%clk 1:29:35]} e6 {[%clk 1:32:15]} 7. f3
{[%clk 1:30:01]} Bb4 {[%clk 1:32:39]} 8. Nxc4 {[%clk 1:30:22]} a5
{[%clk 1:19:30]} 9. Kf2 {[%clk 1:09:54]} c5 {[%clk 1:08:03]} 10. e4
{[%clk 1:06:41]} cxd4 {[%clk 1:01:21]} 11. Nb5 {[%clk 1:02:17]} Bg6
{[%clk 0:57:13]} 12. Qxd4 {[%clk 1:00:46]} Nc6 {[%clk 0:48:48]} 13. Qxd8+
{[%clk 0:58:42]} Rxd8 {[%clk 0:49:05]} 14. Be3 {[%clk 0:59:05]} Nd7
{[%clk 0:39:46]} 15. Ncd6+ {[%clk 0:35:38]} Ke7 {[%clk 0:36:10]} 16. Nxb7
{[%clk 0:35:32]} Rb8 {[%clk 0:32:51]} 17. Rc1 {[%clk 0:35:26]} Rhc8
{[%clk 0:30:56]} 18. Nc5 {[%clk 0:33:05]} Nxc5 {[%clk 0:21:18]} 19. Bxc5+
{[%clk 0:32:36]} Bxc5+ {[%clk 0:21:41]} 20. Rxc5 {[%clk 0:33:01]} Nb4
{[%clk 0:21:58]} 21. Rxc8 {[%clk 0:32:05]} Rxc8 {[%clk 0:22:25]} 22. Nc3
{[%clk 0:31:35]} Rd8 {[%clk 0:21:40]} 23. Bb5 {[%clk 0:22:05]} Rd2+
{[%clk 0:20:42]} 24. Kg3 {[%clk 0:22:34]} Kd6 {[%clk 0:14:30]} 25. Rd1
{[%clk 0:20:28]} Rxd1 {[%clk 0:14:55]} 26. Nxd1 {[%clk 0:20:57]} Kc5
{[%clk 0:14:57]} 27. Kf2 {[%clk 0:20:10]} Nc2 {[%clk 0:13:17]} 28. Bd7
{[%clk 0:01:37]} Kb4 {[%clk 0:11:28]} 29. Ke2 {[%clk 0:02:02]} e5
{[%clk 0:11:16]} 30. Kd2 {[%clk 0:02:23]} Nd4 {[%clk 0:11:09]} 31. Ne3
{[%clk 0:02:28]} Kb3 {[%clk 0:11:08]} 32. Bb5 {[%clk 0:01:48]} f6
{[%clk 0:11:17]} 33. Nc4 {[%clk 0:00:51]} Kb4 {[%clk 0:11:36]} 34. Nd6
{[%clk 0:00:35]} Kc5 {[%clk 0:10:36]} 35. Nb7+ {[%clk 0:00:36]} Kb4
{[%clk 0:10:28]} 36. Nd6 {[%clk 0:01:00]} Nxb5 {[%clk 0:09:24]} 37. axb5
{[%clk 0:01:15]} Kc5 {[%clk 0:09:50]} 38. Nc4 {[%clk 0:01:30]} Kxb5
{[%clk 0:09:07]} 39. Kc3 {[%clk 0:01:59]} a4 {[%clk 0:08:31]} 40. b3
{[%clk 0:30:33]} axb3 {[%clk 0:38:29]} 41. Nd2 {[%clk 0:30:56]} Bf7
{[%clk 0:36:37]} 42. Nxb3 {[%clk 0:30:54]} Bxb3 {[%clk 0:31:47]} 43. Kxb3
{[%clk 0:31:20]} Kc5 {[%clk 0:32:03]} 44. Kc3 {[%clk 0:31:49]} g6
{[%clk 0:32:20]} 45. h4 {[%clk 0:29:57]} h6 {[%clk 0:31:55]} 46. g3
{[%clk 0:28:24]} g5 {[%clk 0:31:58]} 1/2-1/2

[Event "Agen 2017 - Vétérans"]
[Site "?"]
[Date "2017.08.23"]
[Round "5.1"]
[White "Vareille, Francois"]
[Black "Prie, Eric"]
[Result "1-0"]
[LiveChessVersion "1.4.8"]
[BlackElo "2481"]
[WhiteElo "2424"]

1. d4 {[%clk 1:30:55]} Nf6 {[%clk 1:30:02]} 2. c4 {[%clk 1:31:09]} c5
{[%clk 1:30:24]} 3. d5 {[%clk 1:31:34]} b5 {[%clk 1:30:46]} 4. Nf3
{[%clk 1:27:19]} g6 {[%clk 1:30:28]} 5. cxb5 {[%clk 1:27:30]} a6 {[%clk 1:30:49]}
6. Qc2 {[%clk 1:27:48]} Qb6 {[%clk 0:50:19]} 7. e4 {[%clk 1:16:18]} axb5
{[%clk 0:50:40]} 8. Nc3 {[%clk 1:16:19]} b4 {[%clk 0:49:10]} 9. Na4
{[%clk 1:07:57]} Qa5 {[%clk 0:49:19]} 10. Qxc5 {[%clk 1:02:12]} Qxc5
{[%clk 0:44:10]} 11. Nxc5 {[%clk 1:01:28]} e6 {[%clk 0:44:22]} 12. Bg5
{[%clk 0:59:52]} Nxd5 {[%clk 0:42:58]} 13. Rc1 {[%clk 0:47:56]} Nb6
{[%clk 0:40:26]} 14. Bf6 {[%clk 0:47:42]} Rg8 {[%clk 0:32:37]} 15. Bb5
{[%clk 0:33:00]} Nc6 {[%clk 0:20:28]} 16. Nxd7 {[%clk 0:31:38]} Bxd7
{[%clk 0:20:18]} 17. Rxc6 {[%clk 0:26:33]} Ra5 {[%clk 0:11:57]} 18. Rxb6
{[%clk 0:26:35]} Rxb5 {[%clk 0:12:20]} 19. Ra6 {[%clk 0:25:54]} Rb8
{[%clk 0:12:18]} 20. Ne5 {[%clk 0:25:32]} Bb5 {[%clk 0:10:13]} 21. Ra7
{[%clk 0:22:12]} Bc5 {[%clk 0:10:29]} 22. Ra5 {[%clk 0:18:04]} g5
{[%clk 0:07:06]} 23. Kd2 {[%clk 0:17:41]} Be7 {[%clk 0:06:24]} 24. Ng4
{[%clk 0:06:38]} h5 {[%clk 0:05:56]} 25. Bxe7 {[%clk 0:06:45]} Kxe7
{[%clk 0:06:10]} 26. Ra7+ {[%clk 0:06:49]} Kd6 {[%clk 0:05:46]} 27. Nh6
{[%clk 0:05:46]} Ke5 {[%clk 0:04:44]} 1-0

[Event "Agen 2017 - Vétérans"]
[Site "?"]
[Date "2017.08.23"]
[Round "5.2"]
[White "Brongers, Henk"]
[Black "Saucey, Michel"]
[Result "0-1"]
[LiveChessVersion "1.4.8"]
[BlackElo "2292"]
[WhiteElo "2029"]

1. e4 {[%clk 1:30:25]} c5 {[%clk 1:30:48]} 2. Nf3 {[%clk 1:30:43]} g6
{[%clk 1:30:56]} 3. c4 {[%clk 1:27:04]} Bg7 {[%clk 1:31:13]} 4. d4
{[%clk 1:27:06]} cxd4 {[%clk 1:31:38]} 5. Nxd4 {[%clk 1:27:29]} Nc6
{[%clk 1:31:45]} 6. Be3 {[%clk 1:27:28]} Nf6 {[%clk 1:31:54]} 7. Nc3
{[%clk 1:27:50]} d6 {[%clk 1:32:04]} 8. Be2 {[%clk 1:28:02]} O-O {[%clk 1:32:30]}
9. O-O {[%clk 1:28:22]} Bd7 {[%clk 1:32:59]} 10. h3 {[%clk 1:28:29]} Nxd4
{[%clk 1:31:09]} 11. Bxd4 {[%clk 1:28:48]} Bc6 {[%clk 1:31:35]} 12. Qc2
{[%clk 1:28:52]} a5 {[%clk 1:23:07]} 13. Rad1 {[%clk 1:27:04]} Nd7
{[%clk 1:22:42]} 14. Bxg7 {[%clk 1:27:23]} Kxg7 {[%clk 1:23:08]} 15. Bg4
{[%clk 1:27:07]} Nc5 {[%clk 1:07:31]} 16. e5 {[%clk 1:18:21]} Qc7
{[%clk 0:55:53]} 17. exd6 {[%clk 1:18:39]} exd6 {[%clk 0:56:20]} 18. Nd5
{[%clk 1:17:15]} Bxd5 {[%clk 0:55:58]} 19. Rxd5 {[%clk 1:17:08]} Rad8
{[%clk 0:52:23]} 20. Rfd1 {[%clk 1:09:53]} f5 {[%clk 0:37:19]} 21. Bf3
{[%clk 1:09:05]} b6 {[%clk 0:37:12]} 22. Qc3+ {[%clk 1:06:32]} Rf6
{[%clk 0:37:40]} 23. g4 {[%clk 1:06:41]} fxg4 {[%clk 0:37:41]} 24. hxg4
{[%clk 1:06:32]} h6 {[%clk 0:37:32]} 25. g5 {[%clk 1:06:02]} hxg5
{[%clk 0:37:53]} 26. Rxg5 {[%clk 1:06:25]} Ne6 {[%clk 0:24:55]} 27. Rg3
{[%clk 1:06:16]} Re8 {[%clk 0:16:54]} 28. Rd5 {[%clk 0:59:42]} Nf4
{[%clk 0:16:16]} 29. Rf5 {[%clk 0:55:43]} Re5 {[%clk 0:14:57]} 30. Rxf6
{[%clk 0:52:58]} Kxf6 {[%clk 0:15:24]} 31. a3 {[%clk 0:33:15]} g5
{[%clk 0:15:23]} 32. Bg4 {[%clk 0:27:46]} Qh7 {[%clk 0:05:19]} 33. Qd4
{[%clk 0:17:28]} Qc7 {[%clk 0:05:37]} 34. Rb3 {[%clk 0:11:09]} Qc5
{[%clk 0:05:58]} 35. Qxc5 {[%clk 0:08:57]} Re1+ {[%clk 0:05:45]} 36. Kh2
{[%clk 0:09:22]} bxc5 {[%clk 0:06:12]} 37. Rb5 {[%clk 0:05:07]} Rb1
{[%clk 0:05:11]} 38. Bf3 {[%clk 0:03:40]} Ke5 {[%clk 0:05:16]} 39. Rxa5 Rxb2
{[%clk 0:05:39]} 40. Kg3 {[%clk 0:32:08]} Nd3 {[%clk 0:32:37]} 41. Bd5
{[%clk 0:31:27]} Nxf2 {[%clk 0:25:59]} 42. Ra8 {[%clk 0:26:50]} Ne4+
{[%clk 0:26:02]} 43. Kf3 {[%clk 0:26:01]} g4+ {[%clk 0:22:33]} 44. Kxg4
{[%clk 0:23:28]} Nf6+ {[%clk 0:23:00]} 45. Kf3 {[%clk 0:23:48]} Rb3+
{[%clk 0:23:18]} 46. Ke2 {[%clk 0:24:00]} Nxd5 {[%clk 0:23:45]} 47. cxd5
{[%clk 0:23:43]} Kxd5 {[%clk 0:24:11]} 48. Kd2 {[%clk 0:24:05]} Kd4
{[%clk 0:24:27]} 49. Kc2 {[%clk 0:24:28]} c4 {[%clk 0:24:52]} 50. a4
{[%clk 0:24:36]} d5 {[%clk 0:24:35]} 51. a5 {[%clk 0:25:02]} Ra3 {[%clk 0:22:01]}
52. a6 {[%clk 0:25:09]} Ra2+ {[%clk 0:18:57]} 53. Kb1 {[%clk 0:25:32]} Ra5
{[%clk 0:19:21]} 54. Kc2 {[%clk 0:25:05]} Kc5 {[%clk 0:17:58]} 55. Kc3
{[%clk 0:24:00]} Kb6 {[%clk 0:14:23]} 56. Kd4 {[%clk 0:20:58]} Rxa6
{[%clk 0:14:45]} 57. Rb8+ {[%clk 0:21:21]} Kc7 {[%clk 0:12:54]} 58. Rb5
{[%clk 0:21:43]} Rd6 {[%clk 0:13:17]} 59. Ra5 {[%clk 0:17:38]} Kb6
{[%clk 0:11:23]} 60. Ra1 {[%clk 0:17:57]} Kb5 {[%clk 0:10:59]} 61. Rb1+
{[%clk 0:18:21]} Ka4 {[%clk 0:11:23]} 62. Rb8 {[%clk 0:18:28]} Rd7
{[%clk 0:11:13]} 63. Rb6 {[%clk 0:18:09]} Rc7 {[%clk 0:09:33]} 64. Kc3
{[%clk 0:16:51]} d4+ {[%clk 0:08:38]} 65. Kxd4 {[%clk 0:12:53]} c3
{[%clk 0:09:00]} 66. Ra6+ {[%clk 0:13:00]} Kb3 {[%clk 0:09:26]} 67. Rb6+
{[%clk 0:12:54]} Ka2 {[%clk 0:09:45]} 68. Ra6+ {[%clk 0:10:58]} Kb2 69. Rb6+
{[%clk 0:11:22]} Kc1 {[%clk 0:10:29]} 70. Kd3 {[%clk 0:11:15]} c2
{[%clk 0:10:58]} 71. Ke2 {[%clk 0:10:58]} Re7+ {[%clk 0:11:14]} 72. Kf3
{[%clk 0:11:05]} Re5 {[%clk 0:10:48]} 73. Kf4 {[%clk 0:10:38]} Rc5
{[%clk 0:10:19]} 0-1

[Event "Agen 2017 - Vétérans"]
[Site "?"]
[Date "2017.08.23"]
[Round "5.3"]
[White "Gervasio, Ricardo"]
[Black "Hileyan, Michel"]
[Result "1-0"]
[LiveChessVersion "1.4.8"]
[BlackElo "1897"]
[WhiteElo "2215"]

1. d4 {[%clk 1:26:00]} Nf6 {[%clk 1:30:48]} 2. Nf3 {[%clk 1:26:23]} g6
{[%clk 1:31:00]} 3. c4 {[%clk 1:26:36]} Bg7 {[%clk 1:31:17]} 4. Nc3
{[%clk 1:26:59]} d6 {[%clk 1:30:02]} 5. e4 {[%clk 1:27:20]} O-O {[%clk 1:30:01]}
6. Be2 {[%clk 1:27:44]} Nbd7 {[%clk 1:30:00]} 7. e5 {[%clk 1:15:15]} dxe5
{[%clk 1:26:58]} 8. dxe5 {[%clk 1:14:56]} Ng4 {[%clk 1:27:14]} 9. e6
{[%clk 1:15:18]} fxe6 {[%clk 1:24:29]} 10. h3 {[%clk 1:07:20]} Ngf6
{[%clk 1:21:35]} 11. Be3 {[%clk 1:07:03]} c6 {[%clk 1:20:08]} 12. a4
{[%clk 1:06:51]} Qc7 {[%clk 1:16:18]} 13. O-O {[%clk 0:58:58]} Ne5
{[%clk 1:12:58]} 14. a5 {[%clk 0:56:39]} Nxf3+ {[%clk 1:09:36]} 15. Bxf3
{[%clk 0:56:59]} e5 {[%clk 1:06:18]} 16. Qa4 {[%clk 0:56:43]} e4 {[%clk 0:59:07]}
17. Be2 {[%clk 0:55:54]} Be6 {[%clk 0:53:44]} 18. Rac1 {[%clk 0:55:42]} a6
{[%clk 0:47:13]} 19. Qa3 {[%clk 0:55:44]} Rf7 {[%clk 0:44:13]} 20. Rfd1
{[%clk 0:53:26]} Rd8 {[%clk 0:43:34]} 21. Qb4 {[%clk 0:46:12]} Rxd1+
{[%clk 0:41:09]} 22. Rxd1 {[%clk 0:43:55]} Nd7 {[%clk 0:37:44]} 23. Nxe4
{[%clk 0:43:51]} h6 {[%clk 0:34:49]} 24. Qd2 {[%clk 0:27:21]} g5 {[%clk 0:30:34]}
25. Ng3 {[%clk 0:26:49]} Ne5 {[%clk 0:26:17]} 26. Bb6 {[%clk 0:23:09]} Qc8
{[%clk 0:25:43]} 27. Qe3 {[%clk 0:23:18]} Rf8 {[%clk 0:25:54]} 28. Nh5
{[%clk 0:22:14]} Bh8 {[%clk 0:26:03]} 29. b3 {[%clk 0:20:04]} Qe8
{[%clk 0:26:01]} 30. f4 {[%clk 0:19:34]} gxf4 {[%clk 0:26:14]} 31. Nxf4
{[%clk 0:19:54]} Bf7 {[%clk 0:20:27]} 32. Qg3+ {[%clk 0:19:45]} Bg6
{[%clk 0:15:32]} 33. Ne6 {[%clk 0:19:30]} Qf7 {[%clk 0:11:58]} 34. Nxf8
{[%clk 0:19:47]} Kxf8 {[%clk 0:12:00]} 35. Rd8+ {[%clk 0:20:08]} Kg7
{[%clk 0:12:13]} 36. Qxe5+ {[%clk 0:20:36]} 1-0